Mammalian taxonomy - Statistics

General Stats
  • This quiz has been taken 106 times
  • The average score is 7 of 10
Answer Stats
Question Answer % Correct
kangaroo wallaby
97%
horse zebra
88%
porcupine beaver
79%
sloth armadillo
73%
manatee hyrax
67%
cow deer
64%
hippopotamus dolphin
61%
coyote skunk
52%
hyena cat
45%
pronghorn giraffe
36%
No matching quizzes found
Score Distribution
Percent of People with Each Score
Percentile by Number Answered
Your Score History
You have not taken this quiz